000 00406nam a2200133Ia 4500
008 220216s9999 xx 000 0 und d
100 _aAbu Talib Bin Bachik
245 4 _aThe use of rubber in latex products and consumption trends for latex goods in the short and medium term
260 _bMalaysian Rubber Review
_c1997
300 _a32-40
650 _aLatex products
650 _aRubber
942 _cJS
999 _c71141
_d71141